000 00486cam a2200181ua 4500
020 _a0 07 451579 9
_c45.00
041 _aeng
_h
082 _a005.133
_bDEC/FO
100 _aDesai, R C .
245 _aFORTRAN programming and numerical methods /
_cR C Desai.
_hTextual Documents
250 _a1 /
_b.
260 _aNew Delhi :
_bTata Mc-Graw Hill Publishing Company ,
_c1989.
300 _a309 ; .
365 _a45.00
504 _a
942 _cBK
999 _c9667
_d9667